000 00454cam a22001934a 4500
005 20250605164155.0
008 250528s ||||||||||||||||||||||||d
035 _a19581
020 _a340151781
040 _aGR-AtMCL
_bgre
_dGR-AtMCL
_eAACR2
245 1 _aADVANCED GENERAL STATISTICS
250 _a1
260 _bHodder & Stoughton,
_c1971
300 _a349
700 1 _aErricker B.C
_93224
942 _cBK
999 _c4837
_d4837